| 000 | 00370nam a22001337a 4500 | ||
|---|---|---|---|
| 999 |
_c130474 _d130474 |
||
| 008 | 200519b ||||| |||| 00| 0 eng d | ||
| 050 | _aSPC. HS3. N6 | ||
| 100 |
_aJohn R. Stacer _949788 |
||
| 245 |
_aGuide to North American philosophy _cJohn R. Stacer |
||
| 300 |
_a21p. ; _c31cm. |
||
| 500 | _aClass notes | ||
| 650 |
_aPhilosophy, American _92039 |
||
| 942 |
_2lcc _cSPC |
||